| 000 | 00939nam a2200229Ia 4500 | ||
|---|---|---|---|
| 999 |
_c40777 _d40777 |
||
| 001 | 7416 | ||
| 003 | GE_BSU | ||
| 005 | 20231207173940.0 | ||
| 008 | 181216s2000||||ge |||||||||||||| ||geo|| | ||
| 040 | _cGE_BSU | ||
| 041 | _ageo | ||
| 080 | _a821.353.1 დ-19 | ||
| 100 |
_aდანელია, მირანდა _920628 |
||
| 245 |
_aვედრება : _bლექსები; მინიატურები / _cმირანდა დანელია ; რედ. ხათუნა თავდგირიძე. |
||
| 264 |
_aბათუმი : _bგამ-ბა აჭარა, _c2000. |
||
| 300 |
_a44 გვ.; _bფოტო-პორტრეტი, _c20 სმ. |
||
| 653 | _aვედრება | ||
| 653 | _aლექსები | ||
| 653 | _aმინიატურები | ||
| 700 |
_aთავდგირიძე, ხათუნა _eრედაქტორი _920629 |
||
| 942 |
_cBK _2udc |
||